000 00684cam a22002292 4500
001 0000003414
005 20151217145734.0
008 070507s xx 000 0 eng d
020 _a1841742171 :
_cKES 1,045
040 _aKABU
_cKABU
050 0 _aKD1554
_b.A7P66 2001
100 1 _aPoole, Jill.
_@0000153328
245 1 0 _aCasebook on contract law /
_cJill Poole.
246 3 _aCasebook on contract law
250 _a5th ed.
260 _aLondon :
_bBlackstone Press,
_c2001.
300 _axxxvi, 751 p. ;
_c23 cm.
650 0 _aContracts
_zUnited Kingdom.
_@0000153329
908 _a070507
950 _@1
999 _c2108
_d2108